000 00798nam a2200253Ia 4500
003 OSt
005 20220926005842.0
006 a|||||r|||| 00| 0
007 ta
008 220923b |||||||| |||| 00| 0 eng d
020 _a9789350713563
_c573.75
037 _b5426, 08/03/2014, Indraprastha Books
_cGeneral Book
040 _aRTL
_cRTL
_beng
041 _2eng
_aeng
082 _aX729:(Z).2.N7, P1;Q3/TD3
100 _aDATEY V.S.
_9311170
245 0 _aTAXMANN'S INDIRECT taxes
_b Law and practice
250 _a32nd
260 _a New Delhi
_bTaxmann Publications
_c2013
300 _aI-25, 914p
_ccm.
650 _aCommerce
942 _hX729:(Z).2.N7, P1;Q3/TD3
_cGB
_2CC
999 _c615474
_d615474